The school is alive! #1 / by Jack Chabert ; ... Read More
Available copies
- 2 of 2 copies available at LARL/NWRL Consortium.
Current holds
0 current holds with 2 total copies.
Show Only Available Copies
| Location | Call Number / Copy Notes | Barcode | Shelving Location | Status | Due Date |
|---|---|---|---|---|---|
| Hallock Public Library | j CHA (Text) | 35500006219511 | Main | Available | - |
| Roseau Public Library | j CHA (Text) | 35500006932659 | New | Available | - |
Record details
- ISBN: 1532142609
- ISBN: 9781532142604
- ISBN: 9780545623926 (Scholastic pbk.)
- Physical Description: 92 pages : illustrations ; 20 cm.
- Edition: Reinforced library bound edition.
- Publisher: Mineapolis, MN Spotlight, a division of ABDO, 2019.
- Copyright: ©2014
Content descriptions
| General Note: | Sam Graves discovers that his elementary school is alive and plotting against the students, and, as ... Read More |
Search for related items by subject
| Subject: | Elementary schools > Juvenile fiction. Best friends > Juvenile fiction. Horror tales. Best friends. Elementary schools. Horror tales. |
| Genre: | Horror fiction. Fiction. Juvenile works. Horror fiction. Horror fiction. |
Search for related items by series
| LDR | 01794cam a2200457Ii 4500 | ||
|---|---|---|---|
| 001 | 330464 | ||
| 003 | LARL_NWRL_CONSORTIUM | ||
| 005 | 20260428141844.0 | ||
| 008 | 180907s2019 nyua b 000 0 eng d | ||
| 040 | . | ‡aYDX ‡beng ‡erda ‡cYDX ‡dBDX ‡dOCLCQ ‡dFTX ‡dOCLCF ‡dJY9 ‡dOCLCO ‡dTME ‡dOCL ‡dNRG | |
| 020 | . | ‡a1532142609 | |
| 020 | . | ‡a9781532142604 | |
| 020 | . | ‡a9780545623926 (Scholastic pbk.) | |
| 035 | . | ‡a(OCoLC)1050622567 | |
| 049 | . | ‡aNRGA | |
| 100 | 1 | . | ‡aChabert, Jack, ‡eauthor. |
| 245 | 1 | 4. | ‡aThe school is alive! ‡n#1 / ‡cby Jack Chabert ; illustrated by Sam Ricks. |
| 250 | . | ‡aReinforced library bound edition. | |
| 264 | 1. | ‡aMineapolis, MN ‡bSpotlight, a division of ABDO, ‡c2019. | |
| 264 | 4. | ‡c©2014 | |
| 300 | . | ‡a92 pages : ‡billustrations ; ‡c20 cm. | |
| 336 | . | ‡atext ‡btxt ‡2rdacontent | |
| 337 | . | ‡aunmediated ‡bn ‡2rdamedia | |
| 338 | . | ‡avolume ‡bnc ‡2rdacarrier | |
| 490 | 0 | . | ‡aEerie Elementary ; ‡v1 |
| 500 | . | ‡aSam Graves discovers that his elementary school is alive and plotting against the students, and, as hall monitor, it is his job to protect them--but he will need some help from his friends. | |
| 650 | 0. | ‡aElementary schools ‡vJuvenile fiction. | |
| 650 | 0. | ‡aBest friends ‡vJuvenile fiction. ‡0(LARL_NWRL_CONSORTIUM)170952 | |
| 650 | 0. | ‡aHorror tales. ‡0(LARL_NWRL_CONSORTIUM)22375 | |
| 650 | 7. | ‡aBest friends. ‡2fast ‡0(LARL_NWRL_CONSORTIUM)42255 | |
| 650 | 7. | ‡aElementary schools. ‡2fast ‡0(LARL_NWRL_CONSORTIUM)19191 | |
| 650 | 7. | ‡aHorror tales. ‡2fast ‡0(LARL_NWRL_CONSORTIUM)22375 | |
| 655 | 7. | ‡aHorror fiction. ‡2fast | |
| 655 | 7. | ‡aFiction. ‡2fast | |
| 655 | 7. | ‡aJuvenile works. ‡2fast | |
| 655 | 7. | ‡aHorror fiction. ‡2gsafd | |
| 655 | 7. | ‡aHorror fiction. ‡2lcgft | |
| 700 | 1 | . | ‡aRicks, Sam, ‡eillustrator. |
| 905 | . | ‡ubacont | |
| 901 | . | ‡a330464 ‡b ‡c330464 ‡tbiblio ‡soclc | |

Add to basket
Permalink
Enable Highlighting